000 00879nam a22002897a 4500
003 CHAP
005 20220329135020.0
008 971013s1973 r 00010 d
010 _a29592
011 _a30564
035 _a34676
040 _cCHAP
082 _a371.3
_bM37Y
100 0 0 _aMager, Robert F.
_969834
245 _aAnálisis de metas
260 _aMéxico, D.F. :
_bTrillas,
_c1973
300 _a150 p.
_b: ilus
590 _aBATCH-UPD
_b10
_c20130110
_lUCH01
_h1800
590 _aBATCH-UPD
_b10
_c20130410
_lUCH01
_h1136
590 _aBATCH-UPD
_b10
_c20130914
_lUCH01
_h1309
590 _aCONVERSION
_b10
_c20130109
_lUCH01
_h1317
650 1 4 _aEnseñanza.
_937085
901 _aBK
942 _cLIBRO
949 _a371.3 M37Y
_bBC
_cLIBRO
_d33724000143186
_eLIBRO
_h30943
_i34676
_mD
_si
949 _a371.3 M37Y
_bBC
_cLIBRO
_d33724000144754
_eLIBRO
_fc.3
_h30945
_i34676
_mD
_si
999 _c29592
_d29592